| 000 | 00918cam a22002773a 4500 | ||
|---|---|---|---|
| 001 | 138 | ||
| 003 | PGUSA | ||
| 005 | 20140828082944.0 | ||
| 008 | 060311s2006||||xxu|||||s|||||000 | eng d | ||
| 040 |
_aPGUSA _beng |
||
| 042 | _adc | ||
| 050 | 4 | _aPQ | |
| 100 | 1 |
_aDoumic, René, _d1860-1937 |
|
| 245 | 1 | 0 |
_aGeorge Sand : _bSome Aspects of Her Life and Writings _h[electronic resource] / _cRené Doumic |
| 260 |
_bProject Gutenberg, _c2006 |
||
| 500 | _aTranslation of: George Sand, dix conferences sur sa vie et son oeuvre | ||
| 506 | _aPublic domain in the USA. | ||
| 516 | _aElectronic text | ||
| 653 | _aSand, George, 1804-1876 | ||
| 653 | _aWomen novelists, French -- 19th century -- Biography | ||
| 700 | 1 | _aHallard, Alys | |
| 740 | 0 | _aGeorge Sand: dix conférences sur sa vie et son oeuvre. English | |
| 830 | 0 |
_aProject Gutenberg _v138 |
|
| 856 | 4 | 0 | _uhttp://www.gutenberg.org/ebooks/138 |
| 942 | _cEB | ||
| 999 |
_c229509 _d229509 |
||